Statistics for UEFA Euro 2016: Team of the Tournament

Click here to take the quiz!

General Stats

  • This quiz has been taken 82 times
  • The average score is 8 of 11

Answer Stats

PositionTeamPlayer% Correct
ForwardPortugalCristiano Ronaldo
99%
Attacking MidfielderFranceAntoine Griezmann
92%
Centre BackGermanyJérôme Boateng
88%
Centre BackPortugalPepe
88%
GoalkeeperPortugalRui Patrício
81%
Central MidfielderWalesAaron Ramsey
79%
Left WingerFranceDimitri Payet
68%
Right BackGermanyJoshua Kimmich
52%
Central MidfielderWalesJoe Allen
44%
Left BackPortugalRaphaël Guerreiro
44%
Right WingerGermanyToni Kroos
34%

Score Distribution

Percentile by Number Answered

Percent of People with Each Score

Your Score History

You have not taken this quiz